Music Quiz

Random Music or Album Quiz

Songs From Great Albums Quiz Stats

Quiz Updated Apr 18, 2015

Challenge
Share
Tweet
Embed
Score 0/60 Timer 08:00
1 Play Today
% Correct
Billie Jean
98.5%
Beat It
97.6%
Stayin' Alive
89.8%
Smells Like Teen Spirit
89.2%
Stairway to Heaven
86.6%
With or Without You
81.8%
Go Your Own Way
81.7%
Night Fever
80.7%
I Still Haven't Found What I'm Looking For
78.9%
Wouldn't it Be Nice
78.1%
Where the Streets Have No Name
77.7%
Dancing in the Dark
75.9%
Come as You Are
74.6%
Cecilia
74%
Ironic
73.7%
Glory Days
73.2%
Black Dog
73%
Lithium
73%
The Boxer
72.4%
Money
71.9%
How Deep is Your Love
71.9%
You Should be Dancing
69.7%
Wanna Be Startin' Somethin'
69.3%
P.Y.T. (Pretty Young Thing)
68.6%
The Girl is Mine
67.8%
Starman
67.7%
You Oughta Know
65.8%
Dreams
64.8%
God Only Knows
64.5%
Hand in My Pocket
62.9%
% Correct
Sloop John B
61.1%
Don't Stop
60.8%
The Great Gig in The Sky
59.2%
Suffragette City
59.1%
Time
59%
More Than a Woman
58.8%
When the Levee Breaks
58.5%
My Hometown
57.8%
I'm on Fire
56.8%
Rock and Roll
56.2%
In Bloom
56.1%
You Make Loving Fun
54.8%
El Condor Pasa (If I Could)
52.6%
Brain Damage
52%
Us and Them
51.4%
Going to California
49.7%
The Only Living Boy in New York
49.3%
Polly
48.1%
Head Over Feet
45%
Moonage Daydream
44%
Rock 'n Roll Suicide
41.9%
Songbird
39%
All I Really Want
34.6%
Running to Stand Still
28.3%
Bobby Jean
28.1%
Song for the Asking
27%
Mothers of the Disappeared
26.6%
I Just Wasn't Made for These Times
24.1%
I Know There's an Answer
20%
It Ain't Easy
15.4%

You're not logged in!

Compare scores with friends on all Sporcle quizzes.
Join for Free
OR
Log In

You Might Also Like...

Show Comments

Extras

Top Quizzes Today


Score Distribution

Your Account Isn't Verified!

In order to create a playlist on Sporcle, you need to verify the email address you used during registration. Go to your Sporcle Settings to finish the process.

Report this User

Report this user for behavior that violates our Community Guidelines.

Details: